[Event "Ivrea Autumn Cup 24th"]
[Site "Ivrea"]
[Date "2013.11.09"]
[Round "6"]
[White "Gennaro, Isabella"]
[Black "Bosticardo, Tommaso"]
[Result "1-0"]
[WhiteElo "1734"]
[BlackElo "1926"]
[PlyCount "81"]
[EventDate "2013.10.10"]
[EventType "swiss"]
[EventRounds "9"]
[EventCountry "ITA"]
[SourceTitle "EXT 2017"]
[Source "ChessBase"]
[SourceDate "2016.10.25"]
[SourceVersion "1"]
[SourceVersionDate "2016.10.25"]
[SourceQuality "1"]

1. e4 e5 2. Nf3 Nc6 3. d4 exd4 4. Nxd4 Nf6 5. Nxc6 bxc6 6. Qe2 Qe7 7. Nc3 d5 8. Bf4 d4 9. Qc4 c5 10. Nb5 Qxe4+ 11. Qe2 Qxe2+ 12. Bxe2 Bd6 13. Bxd6 cxd6 14. Nc7+ Kd8 15. Nxa8 Bb7 16. 0-0-0 Bxa8 17. f3 Nd5 18. Rhg1 Kc7 19. Bb5 Ne3 20. Rd3 Kb6 21. Ba4 Bd5 22. b3 Bb7 23. b4 Bd5 24. c3 Bc4 25. Rd2 cxb4 26. cxb4 Rc8 27. Kb1 Nd5 28. Bd7 Rc7 29. Rxd4 Nc3+ 30. Kb2 Nd5 31. Rc1 Ne3 32. Rxd6+ Kb7 33. b5 Be2 34. Bc6+ Kc8 35. Bd7+ Kb8 36. Rxc7 Kxc7 37. Rd4 Nxg2 38. Bc6 Kb6 39. a4 Ne1 40. Re4 Nd3+ 41. Kc3 1-0

[Event "Ivrea Autumn Cup 24th"]
[Site "Ivrea"]
[Date "2013.10.10"]
[Round "1"]
[White "Bonardo, Davide"]
[Black "Bosticardo, Tommaso"]
[Result "0-1"]
[WhiteElo "1694"]
[BlackElo "1926"]
[PlyCount "96"]
[EventDate "2013.10.10"]
[EventType "swiss"]
[EventRounds "9"]
[EventCountry "ITA"]
[SourceTitle "EXT 2017"]
[Source "ChessBase"]
[SourceDate "2016.10.25"]
[SourceVersion "1"]
[SourceVersionDate "2016.10.25"]
[SourceQuality "1"]

1. d4 d5 2. Nf3 Nf6 3. Bf4 c5 4. c3 Nc6 5. e3 Qb6 6. Qb3 c4 7. Qc2 Bf5 8. Qc1 h6 9. h3 e6 10. Nbd2 Qa5 11. Be2 b5 12. a3 Be7 13. 0-0 0-0 14. Bh2 Qb6 15. Ne5 a5 16. f4 Nxe5 17. fxe5 Ne4 18. Nxe4 Bxe4 19. Bg3 b4 20. Bd1 Rfb8 21. a4 bxc3 22. bxc3 Qb2 23. Rf2 Qxc1 24. Rxc1 Ba3 25. Ra1 Bb2 26. Ra2 Bxc3 27. Rf1 Rb7 28. Be1 Bxe1 29. Rxe1 Rab8 30. Bc2 Bxc2 31. Rxc2 Rb2 32. Ree2 Rxc2 33. Rxc2 Rb4 34. Ra2 Kf8 35. Kf1 Ke7 36. Ke1 f6 37. exf6+ gxf6 38. g4 Kf7 39. Kf2 Kg6 40. Kg3 Rb3 41. Kf4 Rb1 42. Ra3 Rf1+ 43. Kg3 e5 44. dxe5 fxe5 45. Ra2 d4 46. Rb2 c3 47. Rb6+ Rf6 48. Rb1 d3 0-1

[Event "Bratto op-B 33rd"]
[Site "Bratto"]
[Date "2013.08.21"]
[Round "7"]
[White "Michel, Steve"]
[Black "Bosticardo, Tommaso"]
[Result "0-1"]
[WhiteElo "1979"]
[BlackElo "1900"]
[PlyCount "52"]
[EventDate "2013.08.18"]
[EventType "swiss"]
[EventRounds "8"]
[EventCountry "ITA"]
[SourceTitle "EXT 2015"]
[Source "ChessBase"]
[SourceDate "2014.11.20"]
[SourceVersion "1"]
[SourceVersionDate "2014.11.20"]
[SourceQuality "1"]

1. d4 d5 2. c4 e6 3. Nc3 Nf6 4. cxd5 exd5 5. Bg5 Be7 6. Qc2 0-0 7. e3 c6 8. Nf3 Nbd7 9. Bd3 Re8 10. h3 Nf8 11. Bf4 Ng6 12. Bh2 Bd6 13. Bxd6 Qxd6 14. 0-0-0 b5 15. Kb1 Nd7 16. e4 b4 17. Na4 Nb6 18. e5 Qb8 19. Ng5 a5 20. Nc5 Nd7 21. e6 fxe6 22. Bxg6 hxg6 23. Qxg6 Nf6 24. Qf7+ Kh8 25. Ncxe6 Bxe6 26. Nxe6 Ra7 0-1

[Event "Bratto op-B 33rd"]
[Site "Bratto"]
[Date "2013.08.18"]
[Round "1"]
[White "Loccisano, Giuseppe"]
[Black "Bosticardo, Tommaso"]
[Result "0-1"]
[WhiteElo "1772"]
[BlackElo "1900"]
[PlyCount "34"]
[EventDate "2013.08.18"]
[EventType "swiss"]
[EventRounds "8"]
[EventCountry "ITA"]
[SourceTitle "EXT 2015"]
[Source "ChessBase"]
[SourceDate "2014.11.20"]
[SourceVersion "1"]
[SourceVersionDate "2014.11.20"]
[SourceQuality "1"]

1. e4 e5 2. Nf3 Nc6 3. Bc4 Bc5 4. 0-0 Nf6 5. d3 d6 6. h3 h6 7. Nc3 a6 8. a3 0-0 9. Ne2 Nh5 10. c3 Qf6 11. Be3 Bxh3 12. Bxc5 dxc5 13. Kh2 Bg4 14. Neg1 Nf4 15. Qd2 Qg6 16. g3 Bxf3 17. gxf4 Qg2# 0-1

[Event "Ivrea Eporediese op 30th"]
[Site "Ivrea"]
[Date "2013.01.31"]
[Round "3"]
[White "Bosticardo, Tommaso"]
[Black "Razzano, Lorenzo"]
[Result "0-1"]
[WhiteElo "1837"]
[BlackElo "1982"]
[PlyCount "52"]
[EventDate "2013.01.19"]
[EventType "swiss"]
[EventRounds "9"]
[EventCountry "ITA"]
[SourceTitle "EXT 2014"]
[Source "ChessBase"]
[SourceDate "2013.11.20"]
[SourceVersion "1"]
[SourceVersionDate "2013.11.20"]
[SourceQuality "1"]

1. d4 c5 2. d5 e5 3. e4 g6 4. c4 d6 5. Nc3 Bg7 6. Nge2 Nd7 7. Be3 Nh6 8. f3 f5 9. Qd2 f4 10. Bf2 a6 11. g3 g5 12. gxf4 exf4 13. h4 Ne5 14. Ng1 g4 15. Qxf4 gxf3 16. Qg3 Nhg4 17. 0-0-0 h5 18. Nh3 Qf6 19. Bg1 Bd7 20. Re1 b5 21. Nf2 Bh6+ 22. Kb1 Bf4 23. Nxg4 hxg4 24. Qf2 g3 25. Qc2 b4 26. Nd1 Rxh4 0-1

[Event "Piverone op 1st"]
[Site "Piverone"]
[Date "2012.03.11"]
[Round "5"]
[White "Bosticardo, Tommaso"]
[Black "Benenati, Gianfranco"]
[Result "0-1"]
[WhiteElo "1774"]
[BlackElo "1874"]
[PlyCount "98"]
[EventDate "2012.03.09"]
[EventType "swiss"]
[EventRounds "5"]
[EventCountry "ITA"]
[SourceTitle "EXT 2014"]
[Source "ChessBase"]
[SourceDate "2013.11.20"]
[SourceVersion "1"]
[SourceVersionDate "2013.11.20"]
[SourceQuality "1"]

1. d4 Nf6 2. c4 g6 3. Nc3 Bg7 4. e4 d6 5. f3 b6 6. Be3 Bb7 7. Bd3 Nbd7 8. Nge2 e5 9. Qd2 exd4 10. Nxd4 Nc5 11. 0-0 0-0 12. Rfd1 Nh5 13. Be2 a5 14. Rac1 Qe7 15. Nd5 Bxd5 16. cxd5 Rfc8 17. Nc6 Qf8 18. Bd4 Bh6 19. Be3 Bg7 20. Bd4 Bxd4+ 21. Nxd4 Qg7 22. Bb5 Kh8 23. Bc6 Rab8 24. a3 a4 25. Rc4 Nb3 26. Nxb3 axb3 27. Rb4 Rf8 28. Qd4 f6 29. Rxb3 Nf4 30. Qe3 g5 31. Rc3 h5 32. Bb5 Rf7 33. Bf1 Ng6 34. Rdc1 Re8 35. Qd4 Kh7 36. Kh1 Ne5 37. Be2 Ree7 38. Qf2 Kh6 39. g3 f5 40. Qg2 fxe4 41. fxe4 g4 42. h4 Qf8 43. Rf1 Rxf1+ 44. Bxf1 Rf7 45. Rc1 Rf2 46. Qg1 Qf3+ 47. Bg2 Qxg3 48. Rxc7 Nf3 49. Qc1+ Rd2 0-1

[Event "Piverone op 1st"]
[Site "Piverone"]
[Date "2012.03.10"]
[Round "2"]
[White "Bosticardo, Tommaso"]
[Black "Razzano, Lorenzo"]
[Result "1/2-1/2"]
[WhiteElo "1774"]
[BlackElo "1950"]
[PlyCount "80"]
[EventDate "2012.03.09"]
[EventType "swiss"]
[EventRounds "5"]
[EventCountry "ITA"]
[SourceTitle "EXT 2014"]
[Source "ChessBase"]
[SourceDate "2013.11.20"]
[SourceVersion "1"]
[SourceVersionDate "2013.11.20"]
[SourceQuality "1"]

1. d4 g6 2. e4 Bg7 3. Nf3 c5 4. c3 cxd4 5. cxd4 Nf6 6. Nc3 d6 7. Be2 0-0 8. 0-0 Nc6 9. h3 Bd7 10. Be3 a6 11. Nd2 b5 12. f4 e5 13. d5 Na5 14. fxe5 dxe5 15. Qe1 Nb7 16. Qf2 h6 17. Bd3 Qe7 18. Nb3 Rac8 19. Rac1 Ne8 20. Ne2 Ned6 21. Nc5 a5 22. Qe1 f5 23. Nxd7 Qxd7 24. exf5 gxf5 25. Rxc8 Qxc8 26. Nc3 b4 27. Na4 Qe8 28. Nc5 e4 29. Ba6 Nxc5 30. Bxc5 Qe5 31. Qd2 f4 32. a3 e3 33. Qd3 bxa3 34. bxa3 Rb8 35. Qg6 Ne4 36. Ba7 Ra8 37. Bd3 e2 38. Re1 Rxa7 39. Qxe4 Qxe4 40. Bxe4 Bf8 1/2-1/2

[Event "Ivrea Eporediese op 29th"]
[Site "Ivrea"]
[Date "2012.03.01"]
[Round "6"]
[White "Agostino, Pietro"]
[Black "Bosticardo, Tommaso"]
[Result "0-1"]
[WhiteElo "1505"]
[BlackElo "1774"]
[PlyCount "90"]
[EventDate "2012.01.26"]
[EventType "swiss"]
[EventRounds "9"]
[EventCountry "ITA"]
[SourceTitle "EXT 2014"]
[Source "ChessBase"]
[SourceDate "2013.11.20"]
[SourceVersion "1"]
[SourceVersionDate "2013.11.20"]
[SourceQuality "1"]

1. e4 e5 2. Nf3 Nc6 3. Nc3 Nf6 4. Bb5 Bb4 5. 0-0 0-0 6. a3 Bxc3 7. Bxc6 Bxb2 8. Bxb2 bxc6 9. Re1 d6 10. h3 Rb8 11. Rb1 Be6 12. Bc3 c5 13. d3 Qd7 14. Ng5 Qa4 15. Nxe6 fxe6 16. Ra1 Qe8 17. Ba5 Rb7 18. Qd2 Nh5 19. Qe3 Nf4 20. Kh2 Qa4 21. Bc3 Qxc2 22. Qd2 Qxd2 23. Bxd2 Nxd3 24. Re2 Rxf2 25. Rxf2 Nxf2 26. Rf1 Nxe4 27. Be3 Rb3 28. Re1 Rxa3 29. Bc1 Ra4 30. Re3 d5 31. Rb3 Nd6 32. Bg5 Rb4 33. Rf3 e4 34. Rf1 Nf5 35. Bf4 Rb2 36. Bxc7 Rxg2+ 37. Kxg2 Ne3+ 38. Kf2 Nxf1 39. Kxf1 Kf7 40. Ke2 Kf6 41. Ke3 e5 42. Bd6 c4 43. Bc5 a5 44. Bb6 a4 45. Ba5 a3 0-1

[Event "Ivrea Eporediese op 29th"]
[Site "Ivrea"]
[Date "2012.02.09"]
[Round "3"]
[White "Razzano, Lorenzo"]
[Black "Bosticardo, Tommaso"]
[Result "1-0"]
[WhiteElo "1962"]
[BlackElo "1774"]
[PlyCount "72"]
[EventDate "2012.01.26"]
[EventType "swiss"]
[EventRounds "9"]
[EventCountry "ITA"]
[SourceTitle "EXT 2014"]
[Source "ChessBase"]
[SourceDate "2013.11.20"]
[SourceVersion "1"]
[SourceVersionDate "2013.11.20"]
[SourceQuality "1"]

1. e4 e5 2. Nf3 Nc6 3. Bb5 Nf6 4. Qe2 Bc5 5. c3 d6 6. d3 0-0 7. Bg5 Qe7 8. Nbd2 Nd8 9. d4 Bb6 10. d5 c6 11. Bd3 h6 12. Bh4 Kh8 13. Nc4 g5 14. Nxg5 hxg5 15. Bxg5 Rg8 16. h4 Bd7 17. a4 Rc8 18. a5 Bc7 19. Ne3 Rg6 20. Qf3 Kg8 21. Nf5 Qf8 22. Bxf6 Rxf6 23. g4 cxd5 24. exd5 Rb8 25. g5 Rg6 26. Rg1 Bxf5 27. Qxf5 Qe7 28. Be4 b5 29. h5 Rg7 30. Ke2 b4 31. c4 Nb7 32. g6 fxg6 33. Rxg6 Rf8 34. Rxg7+ Qxg7 35. Qe6+ Kh8 36. Rg1 Qf6 1-0

[Event "Arvier Amatori op 2nd"]
[Site "Arvier"]
[Date "2012.01.08"]
[Round "7"]
[White "Pierantoni, Mauro"]
[Black "Bosticardo, Tommaso"]
[Result "1-0"]
[WhiteElo "1814"]
[BlackElo "1774"]
[PlyCount "93"]
[EventDate "2012.01.02"]
[EventType "swiss"]
[EventRounds "7"]
[EventCountry "ITA"]
[SourceTitle "EXT 2014"]
[Source "ChessBase"]
[SourceDate "2013.11.20"]
[SourceVersion "1"]
[SourceVersionDate "2013.11.20"]
[SourceQuality "1"]

1. d4 d5 2. c4 e6 3. Nf3 Nf6 4. Nc3 Be7 5. Bg5 0-0 6. e3 h6 7. Bxf6 Bxf6 8. cxd5 exd5 9. Rc1 c6 10. Bd3 Nd7 11. 0-0 Re8 12. b4 Nf8 13. a4 Bg4 14. Be2 Be7 15. Qb3 Bd6 16. h3 Bd7 17. Ne1 Ng6 18. Bh5 Nh4 19. Nf3 Qf6 20. Nxh4 Qxh4 21. Qd1 Bxb4 22. Nxd5 cxd5 23. Rc7 Be6 24. Rxb7 a5 25. f4 g6 26. f5 Qxh5 27. Qxh5 gxh5 28. fxe6 Rxe6 29. Rfxf7 Rg6 30. Rbd7 Re8 31. Rf5 Rxe3 32. Rd8+ Kg7 33. Rd7+ Re7 34. Rdxd5 Rf6 35. Rxf6 Kxf6 36. Rxh5 Kg6 37. g4 Re1+ 38. Kf2 Ra1 39. Ke2 Rxa4 40. Kd3 Ra1 41. Kc4 Rc1+ 42. Kb5 Rc8 43. Rf5 Bd2 44. d5 Rb8+ 45. Kc6 a4 46. d6 a3 47. Rf1 1-0

[Event "Torino Bombelli Memorial 11th"]
[Site "Torino"]
[Date "2011.09.11"]
[Round "5"]
[White "Macheda, Andrea"]
[Black "Bosticardo, Tommaso"]
[Result "0-1"]
[WhiteElo "1915"]
[BlackElo "1708"]
[PlyCount "44"]
[EventDate "2011.09.09"]
[EventType "swiss"]
[EventRounds "5"]
[EventCountry "ITA"]
[SourceTitle "EXT 2023"]
[Source "ChessBase"]
[SourceDate "2022.10.05"]
[SourceVersion "1"]
[SourceVersionDate "2022.10.05"]
[SourceQuality "1"]

1. c4 e6 2. e4 d5 3. exd5 exd5 4. cxd5 Qxd5 5. Nc3 Qd8 6. Bc4 Nf6 7. Nf3 Be7 8. 0-0 0-0 9. d4 Nbd7 10. d5 Nb6 11. Bb3 Bf5 12. Bf4 Ne4 13. Nb5 Nd6 14. Nbd4 Be4 15. Nc2 Bf6 16. Re1 Bxf3 17. Qxf3 Bxb2 18. Rad1 Bf6 19. Ne3 Re8 20. Ng4 Bg5 21. Be5 h5 22. Ne3 Rxe5 0-1

[Event "Torino Bombelli Memorial 11th"]
[Site "Torino"]
[Date "2011.09.10"]
[Round "3"]
[White "Marvin, Elio"]
[Black "Bosticardo, Tommaso"]
[Result "0-1"]
[WhiteElo "1669"]
[BlackElo "1708"]
[PlyCount "70"]
[EventDate "2011.09.09"]
[EventType "swiss"]
[EventRounds "5"]
[EventCountry "ITA"]
[SourceTitle "EXT 2023"]
[Source "ChessBase"]
[SourceDate "2022.10.05"]
[SourceVersion "1"]
[SourceVersionDate "2022.10.05"]
[SourceQuality "1"]

1. e4 e5 2. Nf3 Nc6 3. c4 Nf6 4. d3 Bc5 5. h3 d6 6. Nc3 h6 7. g4 Nd4 8. Bg2 Be6 9. Nxd4 Bxd4 10. 0-0 c6 11. Ne2 Bb6 12. Ng3 Qe7 13. b4 0-0-0 14. Nf5 Bxf5 15. exf5 d5 16. cxd5 cxd5 17. Bd2 e4 18. Rc1+ Kb8 19. Bf4+ Ka8 20. a3 g6 21. fxg6 fxg6 22. Re1 g5 23. Bg3 h5 24. d4 hxg4 25. hxg4 Qd7 26. Be5 Rh6 27. f3 Qe7 28. Kf1 Rf8 29. Qd2 Nxg4 30. Bg3 Qf6 31. Qc3 Rhh8 32. Be5 Nxe5 33. dxe5 Qf5 34. Qc2 g4 35. a4 gxf3 0-1

[Event "Arvier Amatori op 1st"]
[Site "Arvier"]
[Date "2011.01.08"]
[Round "6"]
[White "Pierantoni, Mauro"]
[Black "Bosticardo, Tommaso"]
[Result "0-1"]
[WhiteElo "1823"]
[BlackElo "1649"]
[PlyCount "58"]
[EventDate "2011.01.03"]
[EventType "swiss"]
[EventRounds "7"]
[EventCountry "ITA"]
[SourceTitle "EXT 2012"]
[Source "ChessBase"]
[SourceDate "2011.11.24"]
[SourceVersion "1"]
[SourceVersionDate "2011.11.24"]
[SourceQuality "1"]

1. c4 e6 2. d4 d5 3. Nf3 Nf6 4. Bg5 Be7 5. e3 0-0 6. Nc3 h6 7. Bh4 b6 8. Rc1 Bb7 9. a3 c5 10. Bxf6 Bxf6 11. cxd5 exd5 12. dxc5 bxc5 13. Na4 Qa5+ 14. b4 cxb4 15. Rc5 Qd8 16. Qb3 Be7 17. Nd4 Bxc5 18. Nxc5 Qb6 19. Qxb4 Ba6 20. Bxa6 Nxa6 21. Qxb6 axb6 22. Nd7 Rac8 23. Kd2 Rfd8 24. Nxb6 Rb8 25. Nc6 Rxb6 26. Nxd8 Nc5 27. Ke2 Ne4 28. f3 Rb2+ 29. Kd3 Rd2# 0-1

[Event "Arvier Amatori op 1st"]
[Site "Arvier"]
[Date "2011.01.05"]
[Round "3"]
[White "Bosticardo, Tommaso"]
[Black "Belabbas, Abdellah"]
[Result "1-0"]
[WhiteElo "1649"]
[BlackElo "1890"]
[PlyCount "77"]
[EventDate "2011.01.03"]
[EventType "swiss"]
[EventRounds "7"]
[EventCountry "ITA"]
[SourceTitle "EXT 2012"]
[Source "ChessBase"]
[SourceDate "2011.11.24"]
[SourceVersion "1"]
[SourceVersionDate "2011.11.24"]
[SourceQuality "1"]

1. d4 Nf6 2. Nf3 e6 3. c4 c5 4. d5 b5 5. e3 Bb7 6. dxe6 fxe6 7. Nc3 b4 8. Nb1 Be7 9. Be2 0-0 10. 0-0 d5 11. b3 Nbd7 12. Bb2 Qb6 13. Nbd2 Rad8 14. Qc2 Rfe8 15. Rfd1 Bd6 16. cxd5 exd5 17. Nf1 h6 18. Ng3 Bxg3 19. hxg3 Ne4 20. Bf1 Ndf6 21. Nh2 Rf8 22. Bd3 Rde8 23. Rf1 Ba6 24. Rad1 Bxd3 25. Rxd3 c4 26. bxc4 Rc8 27. Bd4 Qa5 28. c5 Nxc5 29. Bxc5 Rxc5 30. Qb2 Rc3 31. Rd4 Rb8 32. Ng4 Ne4 33. Rfd1 Rc5 34. Ne5 Nc3 35. R1d2 Qa3 36. Nd7 Rbc8 37. Nxc5 Rxc5 38. Qxa3 bxa3 39. Rc2 1-0

[Event "Ivrea Autumn 21st"]
[Site "Ivrea"]
[Date "2010.10.30"]
[Round "5"]
[White "Castaldo, Antonio"]
[Black "Bosticardo, Tommaso"]
[Result "0-1"]
[WhiteElo "1705"]
[BlackElo "1558"]
[PlyCount "74"]
[EventDate "2010.10.07"]
[EventType "swiss"]
[EventRounds "9"]
[EventCountry "ITA"]
[SourceTitle "EXT 2024"]
[Source "ChessBase"]
[SourceDate "2023.10.10"]
[SourceVersion "1"]
[SourceVersionDate "2023.10.10"]
[SourceQuality "1"]

1. Nf3 d5 2. g3 c5 3. d3 Nf6 4. Bg2 Nc6 5. 0-0 e6 6. Bg5 Be7 7. Nbd2 0-0 8. e4 b5 9. Re1 Rb8 10. c3 b4 11. e5 Nd7 12. Bxe7 Qxe7 13. Nb3 a5 14. d4 c4 15. Nbd2 Ba6 16. Qc2 Nb6 17. h4 h6 18. Bh3 a4 19. g4 Bb5 20. a3 bxc3 21. bxc3 Na5 22. g5 h5 23. Re3 Nb3 24. Rb1 g6 25. Nxb3 axb3 26. Qb2 Ra8 27. Ra1 Ra7 28. Nd2 Rfa8 29. Nb1 Na4 30. Qd2 Be8 31. Rf3 Ra6 32. Rf6 Qb7 33. Qf4 b2 34. Ra2 Nxc3 35. Qf3 Nxa2 36. Bxe6 Rxe6 37. Rxe6 fxe6 0-1

[Event "Arvier op"]
[Site "Arvier"]
[Date "2010.07.09"]
[Round "9"]
[White "Bosticardo, Tommaso"]
[Black "Cattaneo, Roger"]
[Result "1-0"]
[WhiteElo "1553"]
[BlackElo "1581"]
[PlyCount "97"]
[EventDate "2010.07.03"]
[EventType "swiss"]
[EventRounds "9"]
[EventCountry "ITA"]
[SourceTitle "CBM 137 Extra"]
[Source "ChessBase"]
[SourceDate "2010.09.01"]
[SourceVersion "1"]
[SourceVersionDate "2010.09.01"]
[SourceQuality "1"]

1. d4 d5 2. c4 c6 3. cxd5 cxd5 4. Nc3 Nf6 5. Bf4 a6 6. e3 e6 7. Bd3 Qb6 8. Rb1 Be7 9. Nf3 Nc6 10. a3 0-0 11. 0-0 Bd7 12. Ne5 Nxe5 13. dxe5 Ne8 14. Qh5 g6 15. Qg4 Ng7 16. Nxd5 exd5 17. Qxd7 Qe6 18. Qxe6 fxe6 19. Be2 Rac8 20. Rbc1 h5 21. h3 a5 22. Bd3 g5 23. Bh2 b5 24. Bxb5 Rb8 25. a4 Bb4 26. Rc6 Rfc8 27. Rfc1 Rxc6 28. Rxc6 Kf7 29. g4 hxg4 30. hxg4 Rd8 31. Rc1 Ke7 32. Kg2 Kf8 33. Kf3 Ke7 34. Bg3 Rf8+ 35. Ke2 Rd8 36. Kd3 Kf7 37. f3 Kg8 38. Be1 Bxe1 39. Rxe1 Rc8 40. Kd2 Rc7 41. Rc1 Ra7 42. Rc6 Kf7 43. Ra6 Rxa6 44. Bxa6 Ke7 45. Bb5 Kd8 46. Kc3 Kc7 47. b4 Kb6 48. bxa5+ Kxa5 49. Kb3 1-0

[Event "Arvier op"]
[Site "Arvier"]
[Date "2010.07.08"]
[Round "7"]
[White "Anfruns, Carlos"]
[Black "Bosticardo, Tommaso"]
[Result "0-1"]
[WhiteElo "1790"]
[BlackElo "1553"]
[PlyCount "62"]
[EventDate "2010.07.03"]
[EventType "swiss"]
[EventRounds "9"]
[EventCountry "ITA"]
[SourceTitle "CBM 137 Extra"]
[Source "ChessBase"]
[SourceDate "2010.09.01"]
[SourceVersion "1"]
[SourceVersionDate "2010.09.01"]
[SourceQuality "1"]

1. d4 d5 2. c4 e6 3. Nc3 Nf6 4. Bg5 Be7 5. e3 0-0 6. Nf3 h6 7. Bh4 b6 8. cxd5 exd5 9. Bd3 Bb7 10. Bg3 Nbd7 11. h3 Rc8 12. 0-0 c5 13. dxc5 bxc5 14. Rc1 Qb6 15. Na4 Qb4 16. a3 Qa5 17. Bb1 Rfd8 18. Ne5 Nxe5 19. Bxe5 Ne4 20. Nc3 Bf6 21. Bf4 Nxc3 22. bxc3 Ba6 23. Re1 Bxc3 24. Qc2 Bxe1 25. Qh7+ Kf8 26. Qh8+ Ke7 27. Qxg7 Bxf2+ 28. Kh2 Qb6 29. Bf5 Qf6 30. Qxf6+ Kxf6 31. Bxc8 Rxc8 0-1

[Event "Arvier op"]
[Site "Arvier"]
[Date "2010.07.07"]
[Round "6"]
[White "Belabbas, Abdellah"]
[Black "Bosticardo, Tommaso"]
[Result "1-0"]
[WhiteElo "1873"]
[BlackElo "1553"]
[PlyCount "47"]
[EventDate "2010.07.03"]
[EventType "swiss"]
[EventRounds "9"]
[EventCountry "ITA"]
[SourceTitle "CBM 137 Extra"]
[Source "ChessBase"]
[SourceDate "2010.09.01"]
[SourceVersion "1"]
[SourceVersionDate "2010.09.01"]
[SourceQuality "1"]

1. d4 d5 2. e4 dxe4 3. Nc3 Nf6 4. f3 Bf5 5. Bc4 e6 6. Bg5 exf3 7. Nxf3 Be7 8. Ne5 c6 9. 0-0 0-0 10. g4 Bxc2 11. Qd2 Bg6 12. h4 Ne4 13. Nxe4 Bxe4 14. Bxe7 Qxe7 15. Qf4 Bd5 16. Bd3 Nd7 17. Nf3 Bxf3 18. Rxf3 Qxh4 19. Kg2 h6 20. Rh1 Qe7 21. Qe4 g6 22. Rxh6 Nf6 23. Qe5 Nh7 24. Rxh7 1-0

[Event "Arvier op"]
[Site "Arvier"]
[Date "2010.07.06"]
[Round "5"]
[White "Bosticardo, Tommaso"]
[Black "Coqueraut, Lodewyk"]
[Result "0-1"]
[WhiteElo "1553"]
[BlackElo "1833"]
[PlyCount "92"]
[EventDate "2010.07.03"]
[EventType "swiss"]
[EventRounds "9"]
[EventCountry "ITA"]
[SourceTitle "CBM 137 Extra"]
[Source "ChessBase"]
[SourceDate "2010.09.01"]
[SourceVersion "1"]
[SourceVersionDate "2010.09.01"]
[SourceQuality "1"]

1. d4 d5 2. c4 e6 3. Nc3 c6 4. Nf3 Bd6 5. e3 Nd7 6. Bd3 dxc4 7. Bxc4 Nb6 8. Bd3 f5 9. 0-0 Nf6 10. a4 0-0 11. a5 Nbd5 12. Bd2 Qe8 13. Qc2 Nb4 14. Qb1 Nxd3 15. Qxd3 Kh8 16. e4 fxe4 17. Nxe4 Nxe4 18. Qxe4 Qh5 19. h3 Bd7 20. Ne5 Qe8 21. Rfe1 Bxe5 22. Qxe5 Rf5 23. Qc7 Rb5 24. Bc3 Qe7 25. Re2 Rc8 26. Qg3 Rg5 27. Qe3 Rg6 28. Rae1 Re8 29. Qe5 Qh4 30. Re3 Rf8 31. R1e2 Qh6 32. Rg3 Rxg3 33. Qxg3 Qh5 34. d5 Rg8 35. Re5 Qd1+ 36. Kh2 cxd5 37. Rg5 d4 38. Bb4 Be8 39. Qe5 Qc2 40. Bf8 Bg6 41. Bc5 d3 42. Rxg6 hxg6 43. Qe4 Rc8 44. Bd4 d2 45. Qh4+ Kg8 46. Qe7 Qc7+ 0-1

[Event "Arvier op"]
[Site "Arvier"]
[Date "2010.07.05"]
[Round "4"]
[White "Cavatorta, Fosco"]
[Black "Bosticardo, Tommaso"]
[Result "1-0"]
[WhiteElo "1981"]
[BlackElo "1553"]
[PlyCount "73"]
[EventDate "2010.07.03"]
[EventType "swiss"]
[EventRounds "9"]
[EventCountry "ITA"]
[SourceTitle "CBM 137 Extra"]
[Source "ChessBase"]
[SourceDate "2010.09.01"]
[SourceVersion "1"]
[SourceVersionDate "2010.09.01"]
[SourceQuality "1"]

1. d4 d5 2. Nf3 Nf6 3. e3 Bf5 4. c4 e6 5. Qb3 Qc8 6. Nc3 c6 7. Nh4 Bg6 8. Nxg6 fxg6 9. cxd5 exd5 10. Bd2 Bd6 11. Rc1 Nbd7 12. Be2 Nb6 13. a4 Qd7 14. a5 Nc8 15. 0-0 Qf7 16. f4 0-0 17. e4 c5 18. e5 cxd4 19. Nb5 Ne4 20. Qd3 Bb8 21. Bb4 Rd8 22. Nxd4 Ne7 23. g4 a6 24. Kg2 Ba7 25. Rc7 Re8 26. e6 Qf6 27. Rxb7 Bxd4 28. Bxe7 Rxe7 29. Rxe7 Qxe7 30. Qxd4 Qxe6 31. f5 gxf5 32. Rxf5 Nf6 33. Re5 Qc6 34. g5 Ne4 35. Qxd5+ Qxd5 36. Rxd5 Rf8 37. Bxa6 1-0

[Event "Arvier op"]
[Site "Arvier"]
[Date "2010.07.04"]
[Round "2"]
[White "Montani, Riccardo"]
[Black "Bosticardo, Tommaso"]
[Result "1-0"]
[WhiteElo "1873"]
[BlackElo "1553"]
[PlyCount "45"]
[EventDate "2010.07.03"]
[EventType "swiss"]
[EventRounds "9"]
[EventCountry "ITA"]
[SourceTitle "CBM 137 Extra"]
[Source "ChessBase"]
[SourceDate "2010.09.01"]
[SourceVersion "1"]
[SourceVersionDate "2010.09.01"]
[SourceQuality "1"]

1. e4 e5 2. Nf3 Nc6 3. Bb5 Nf6 4. 0-0 Nxe4 5. d4 Nd6 6. dxe5 Nxb5 7. a4 Nbd4 8. Nxd4 Nxd4 9. Qxd4 Be7 10. Qg4 Bf8 11. Bg5 d5 12. Qg3 Qd7 13. Nc3 h6 14. Bf4 a6 15. e6 fxe6 16. Bxc7 Bc5 17. Rad1 Qf7 18. Ne4 Be7 19. Nd6+ Bxd6 20. Bxd6 Bd7 21. Rd4 Rc8 22. Rf4 Qh5 23. Qxg7 1-0

[Event "Ivrea Eporediese op 26th"]
[Site "Ivrea"]
[Date "2009.03.12"]
[Round "9"]
[White "Bosticardo, Tommaso"]
[Black "Bogatto, Mario"]
[Result "1/2-1/2"]
[WhiteElo "1464"]
[BlackElo "1470"]
[PlyCount "46"]
[EventDate "2009.01.15"]
[EventType "swiss"]
[EventRounds "9"]
[EventCountry "ITA"]
[SourceTitle "EXT 2011"]
[Source "ChessBase"]
[SourceDate "2010.11.26"]
[SourceVersion "1"]
[SourceVersionDate "2010.11.26"]
[SourceQuality "1"]

1. e4 c5 2. Nc3 a6 3. g3 Nc6 4. Bg2 d6 5. Nge2 Nf6 6. d3 Bd7 7. 0-0 Qc8 8. f4 Bh3 9. f5 Bxg2 10. Kxg2 e6 11. Na4 Rb8 12. Be3 b5 13. Nac3 e5 14. a3 a5 15. Qd2 Qd7 16. Kg1 Be7 17. Bg5 Ng8 18. Be3 h6 19. Nd5 Bd8 20. Rf2 Nf6 21. Nxf6+ Bxf6 22. Nc3 Qd8 23. Nd5 a4 1/2-1/2